000 00380 a2200157 4500
001 75471
020 _a9788576762218
040 _cAnchieta - Colégio São Paulo
100 _aMarsden, John
240 1 0 _aAmanhã, quando a guerra começou
_lpor
245 1 0 _aAmanhã, quando a guerra começou
300 _a251
362 0 _a2008
650 4 _aLiteratura juvenil
942 _cBK
999 _c75471
_d75471